|
|
|
|
| LEADER |
03341nam a22003973i 4500 |
| 001 |
EBC6955661 |
| 003 |
MiAaPQ |
| 005 |
20231204023222.0 |
| 006 |
m o d | |
| 007 |
cr cnu|||||||| |
| 008 |
231204s2015 xx o ||||0 ger d |
| 020 |
|
|
|a 9783839403549
|q (electronic bk.)
|
| 020 |
|
|
|z 9783899423549
|
| 035 |
|
|
|a (MiAaPQ)EBC6955661
|
| 035 |
|
|
|a (Au-PeEL)EBL6955661
|
| 035 |
|
|
|a (OCoLC)1295953563
|
| 040 |
|
|
|a MiAaPQ
|b eng
|e rda
|e pn
|c MiAaPQ
|d MiAaPQ
|
| 100 |
1 |
|
|a Peters, Sibylle.
|
| 245 |
1 |
0 |
|a »Intellektuelle Anschauung« :
|b Figurationen von Evidenz zwischen Kunst und Wissen.
|
| 250 |
|
|
|a 1st ed.
|
| 264 |
|
1 |
|a Bielefeld :
|b transcript,
|c 2015.
|
| 264 |
|
4 |
|c {copy}2015.
|
| 300 |
|
|
|a 1 online resource (362 pages)
|
| 336 |
|
|
|a text
|b txt
|2 rdacontent
|
| 337 |
|
|
|a computer
|b c
|2 rdamedia
|
| 338 |
|
|
|a online resource
|b cr
|2 rdacarrier
|
| 490 |
1 |
|
|a Kultur- und Medientheorie
|
| 505 |
0 |
|
|a Cover »Intellektuelle Anschauung« -- Inhalt -- Intellektuelle Anschauung - unmögliche Evidenz -- Rhetorik der Anschauung -- Epoche der Evidenz. Knoten in einem terminologischen Netzwerk zwischen Descartes und Kant -- Ingeniöse Anschauung. Das ›phaenomenon‹ in Alexander Gottlieb Baumgartens Ästhetik -- Wunschbilder und Augenschein. Zur Funktion innerer und äußerer Bilder bei Pietro Bembo, in Castigliones »Hofmann« sowie in der lyrischen Malerei der Frühen Neuzeit -- Aisthesis und Diskurs -- »Eine Art Wahnsinn«. Intellektuelle Anschauung und Goethes Schriften zur Metamorphose -- Wackenroder und die Kunst der inneren Schau -- Sprache und Aisthesis. Heidegger und die Kunst -- Zum Verhältnis von Begriff und Anschauung in Adornos Ästhetik -- Kunst und Demonstration -- Abstrakte Anschauung. Physiologie und Kunstbetrachtung bei Carl Gustav Carus -- Passivität und Augenschein. Zur medialen Apparatur der Guckkastenbühne um 1800 -- Unmittelbare Anschauung. Legitimation durch Verfahren in der Literaturtheorie des 18. Jahrhunderts -- Von der Kunst des Demonstrierens. Zur Figuration von Evidenz in der Performance des Vortrags -- Zahlen- und Menschenbilder -- Die üblichen Verdächtigen. Das Bild des Kriminellen bei Quetelet und Galton -- Zwischen Tabelle und Augenschein. Abstraktion und Evidenz bei Franz Kafka -- Bildersturm. Imagination und Traum bei Binswanger und Foucault -- Gegenwartstechniken von Evidenz -- testing 1 …, 2 …, 3 … -- Inventur: Tanz. Performance und die Listen der Wissenschaft -- Tastaturen des Wissens. Haptische Technologien und Taktilität in medialer Reproduktion -- Meisterschaft. Von den Wissenshandlungen zu den Evidenztechniken und weg vom Geliebten -- Autorinnen und Autoren -- Abbildungsnachweise.
|
| 588 |
|
|
|a Description based on publisher supplied metadata and other sources.
|
| 590 |
|
|
|a Electronic reproduction. Ann Arbor, Michigan : ProQuest Ebook Central, 2023. Available via World Wide Web. Access may be limited to ProQuest Ebook Central affiliated libraries.
|
| 655 |
|
4 |
|a Electronic books.
|
| 700 |
1 |
|
|a Schäfer, Martin Jörg.
|
| 776 |
0 |
8 |
|i Print version:
|a Peters, Sibylle
|t »Intellektuelle Anschauung«
|d Bielefeld : transcript,c2015
|z 9783899423549
|
| 797 |
2 |
|
|a ProQuest (Firm)
|
| 830 |
|
0 |
|a Kultur- und Medientheorie
|
| 856 |
4 |
0 |
|u https://ebookcentral.proquest.com/lib/matrademy/detail.action?docID=6955661
|z Click to View
|